=LDR 00000nam 2200000 4500 =001 INLIS000000000030492 =005 20130612132631 =008 ***********************************Ind** =035 ##$$0010-061300000030492 =041 ##$$a Ind =082 ##$$a 372.357 =090 ##$$a 372.357, Hadi m =100 ##$$a Hadisiswanto, Yoyok =245 ##$$a Makhluk hidup dan lingkungannya, Yoyok Hadisiswanto =260 ##$$a 1994 $b Solo =300 ##$$a 64 hlm, ilus, 28 cm =650 ##$$a Mahluk Hidup =850 ##$$a NBPNMAT